000 00665nam a2200277Ia 4500
005 20260324134833.0
008 008 260324s9999 xx 000 0 eng d
020 _a9780203165195
037 _aEBOOK
040 _aCRL
040 _beng
040 _cCRL
041 _2eng
041 _aeng
084 _qCRL
100 _aMatthew Tinkcom; Amy Villarejo
_91198349
245 0 _aKeyframes: Popular Cinema and Cultural Studies
260 _bTaylor and Francis
260 _c2001
365 _a
365 _b220
856 _uhttp://www.taylorfrancis.com/books/9780203165195
942 _cEBOOK
999 _c1798803
_d1798803